00407 2200157 4500001002100000005001500021035002000036245005800056100002000114300002900134260003100163082000800194084001400202020002100216990001200237INLIS00000000000268520250904032833 a0010-09250000321 aSeri Indonesia Kaya :bKriya Batik /cYayuk Sudarwati0 aYayuk Sudarwati a64 hlm ;c19,5 x 25,5 cm aJakarta :bErlangga,c2024 a700 a700 YAY s a978-623-180884-4 a0755337